Blancs, negres, grocs = Blancs, noirs, jaunes : oda a la germanor entre els homens i les dones de tots colors : text en cinquanta llengües ... / Joaquim Cases-Carbó ; ... amb música del Mestre Jaume Pahissa oda a la germanor entre els homens i les dones de tots colors :
Descripción Física:
151 p., [1] full pleg. de música ; 20 cm
Otros Autores:
Pahissa, Jaume
MARC
| LEADER | 00000nam a2200000Ia 4500 | ||
|---|---|---|---|
| 001 | 13966 | ||
| 008 | 160829s1935 xx 000 0 cat d | ||
| 080 | |a L-1-394 | ||
| 100 | 1 | |a Cases-Carbó, Joaquim, |d 1858-1943 |9 24314 | |
| 245 | |a Blancs, negres, grocs = Blancs, noirs, jaunes : |b oda a la germanor entre els homens i les dones de tots colors : |b text en cinquanta llengües ... / Joaquim Cases-Carbó ; ... amb música del Mestre Jaume Pahissa | ||
| 260 | |a Barcelona : |b Catalònia, |c 1935 | ||
| 300 | |a 151 p., [1] full pleg. de música ; |c 20 cm | ||
| 590 | |a Text multilingüe. | ||
| 590 | |a Amb un retrat de l'autor fet per Ramon Cases | ||
| 700 | |a Pahissa, Jaume |9 24310 | ||
| 901 | |a Arxiu | ||
| 942 | |n 1 | ||
| 952 | |0 0 |1 0 |4 0 |6 L1394 |7 1 |9 43075 |a Arxiu |b Arxiu |d 2016-12-01 |l 0 |o L-1-394 |p 13966 |r 2016-12-01 00:00:00 |w 2016-12-01 |y ARXIU | ||
| 999 | |c 45619 |d 45619 | ||